000 00789cab a2200217 4500
001 ABS43607
008 090401t1990 xxu||||| |||| 00| 0 eng d
035 _a(Sirsi) u42532
041 _aeng
100 _aPhipps, M.
245 _aDealing with trouble means sifting through the paperwork
260 _c1990
350 _a0
490 _aBuilding
_v255 (7671) 2 November 1990 41(1)
520 _aJCT 1980 Clause 8 has been revised by Amendment 9 giving architects more authority in rectifying defective work following the decision in Greater Nottingham Co-operative Society v Cementation Piling and Foundations (41 BLR 43).
650 _aCONTRACT ADMINISTRATOR
650 _aJCT 1963
690 _aBUILT ENVIRONMENT-BUILDING CONTRACT FORMS
942 _n0
948 _c04/03/1997
999 _c27230
_d27230